Online Catalogue and eLibrary

Ethnic politics of Muslims in Sri Lanka / (Record no. 517)

MARC details
000 -LEADER
fixed length control field 00656cam a2200217 a 4500
001 - CONTROL NUMBER
control field 14698105
005 - DATE AND TIME OF LATEST TRANSACTION
control field 20240229024920.0
008 - FIXED-LENGTH DATA ELEMENTS--GENERAL INFORMATION
fixed length control field 070113s2006 ce b 000 0 eng
020 ## - INTERNATIONAL STANDARD BOOK NUMBER
ISBN 9559989200
040 ## - CATALOGING SOURCE (பட்டியலாக்க மூலம்)
Original cataloging agency DLC
Transcribing agency DLC
Modifying agency DLC
082 ## - DDC Classification
DDC Edition Number 22
Class No. 322.4
Item Number - Author Mark ETH.
100 1# - MAIN ENTRY--PERSONAL NAME
Personal name Ameerdeen, Vellaithamby.
245 10 - TITLE STATEMENT
Title Ethnic politics of Muslims in Sri Lanka /
Statement of responsibility, etc. Vellaithamby Ameerdeen.
250 ## - EDITION STATEMENT
Edition statement 1st ed.
260 ## - PUBLICATION, DISTRIBUTION, ETC.
Place of publication, distribution, etc. Kandy :
Name of publisher, distributor, etc. Centre for Minority Studies,
Date of publication, distribution, etc. 2006.
300 ## - PHYSICAL DESCRIPTION
Extent (e.g. Volumes, Pages etc.) xiv, 271 p. ;
500 ## - GENERAL NOTE
General note Originally presented as the author's thesis (Ph. D.)--Jawaharlal Nehru University.
650 #0 - SUBJECT ADDED ENTRY--TOPICAL TERM
Topical term or geographic name entry element Muslims.
650 #0 - SUBJECT ADDED ENTRY--TOPICAL TERM
Topical term or geographic name entry element Ethnic conflict
942 ## - Koha item type (Biblio)
Koha item type Books in Stacks (Lending)
Holdings
Lost status Damaged status Collection code Home library Current library Date acquired Full call number Accession Number Item type
    Lending WERC Library WERC Library 02/29/2024 322.4 ETH. 5643 Books in Stacks (Lending)

© WERC Library